000 00722nam a2200157Ia 4500
008 100122s9999 xx 000 0 und d
082 _b60132
_a923.254
100 _aशिंदे रावसाहेब
245 _aराजकीय तत्वप्रणाली : सिध्दांत आणि व्यवहार
260 _bशिवाजी भोर
_c1989
300 _a245
630 _aराजकीय तत्वप्रणाली : सिध्दांत आणि व्यवहार
700 _aकसबेकर विजय
730 _aराजकीय तत्वप्रणाली : सिध्दांत आणि व्यवहार
942 _cBOOK
999 _c435400
_d435397